| 000 | 00859nam a2200241 a 4500 | ||
|---|---|---|---|
| 003 | DO-SdBNP | ||
| 005 | 20220909092842.0 | ||
| 007 | ta | ||
| 008 | 110620s1951 dr r 000 e spa d | ||
| 040 |
_aDO-SdBNP _bspa _cBNPHU |
||
| 082 |
_axxxx _bN182e, 1951 |
||
| 100 |
_aNanita, Wilfredo C _957805 |
||
| 245 | 1 | 0 |
_aEnsayo sobre el arte de la declamación / _cWilfredo C. Nanita ; prólogo de Manuel Valldeperes. |
| 250 | _a2a ed. | ||
| 260 |
_aCiudad Trujillo, República Dominicana : _bImpresora Dominicana, _c1951. |
||
| 300 |
_a122 p. ; _c22 cm. |
||
| 500 | _aIncluye notas al pie de las páginas. | ||
| 500 | _aDr. Wilfredo C. Nanita es profesor de Declamación del Liceo Música "Pablo Claudio" de San Cristóbal. | ||
| 590 | _aInventariado, 2022/ YL | ||
| 700 | 1 |
_aValldeperes, Manuel, _epról. _923258 |
|
| 910 | _aYLockward | ||
| 942 |
_2ddc _cLBS1 |
||
| 999 |
_c30875 _d30875 |
||